Top UK baby boys names 2017 - Statistics

General Stats
  • This quiz has been taken 2,016 times
    1,991 since last reset
  • The average score is 46 of 100
Answer Stats
Hint Answer % Correct
46 Liam
94%
12 William
94%
3 Harry
90%
15 James
89%
4 Jack
86%
24 Thomas
86%
97 Tommy
86%
5 George
85%
2 Oliver
85%
64 Ollie
85%
56 John
83%
22 Henry
81%
50 Benjamin
80%
41 Daniel
80%
58 David
78%
8 Jacob
78%
65 Jake
78%
80 Michael
76%
10 Charlie
73%
32 Alexander
72%
37 Samuel
72%
66 Joey
71%
39 Joseph
71%
13 Joshua
71%
34 Edward
69%
70 Luke
68%
6 Noah
67%
44 Adam
66%
7 Leo
63%
14 Ethan
62%
48 Luca
60%
47 Zachary
58%
52 Nathan
56%
9 Oscar
56%
17 Alfie
55%
69 Ryan
55%
25 Isaac
54%
74 Lewis
52%
23 Archie
51%
16 Freddie
51%
19 Lucas
51%
28 Arthur
50%
83 Eli
49%
30 Elijah
49%
42 Aaron
48%
31 Max
48%
11 Jackson
46%
27 Mason
45%
26 Theo
45%
55 Theodore
45%
82 Albert
43%
76 Albie
43%
99 Jamie
43%
33 Dylan
42%
20 Finley
41%
77 Finn
41%
1 Muhammed
41%
38 Harrison
38%
18 Logan
37%
75 Tyler
37%
21 Aiden
35%
98 Evan
35%
93 Frankie
34%
29 Jayden
34%
43 Sebastian
34%
85 Bobby
33%
51 Caleb
30%
91 Kai
30%
45 Riley
30%
49 Elliot
29%
79 Toby
29%
59 Harvey
27%
100 Joel
27%
54 Jude
26%
88 Stanley
25%
92 Gabriel
24%
57 Hugo
24%
84 Ali
23%
40 Teddy
22%
60 Carter
20%
71 Harley
20%
73 Rory
20%
96 Levi
19%
68 Hunter
18%
36 Louie
18%
86 Austin
17%
87 Blake
17%
78 Jesse
17%
95 Ronnie
17%
89 Reggie
16%
35 Reuben
16%
67 Ellis
15%
90 Roman
15%
94 Parker
14%
63 Arlo
13%
72 Ezra
12%
53 Ahmed
10%
61 Jenson
10%
81 Abdul
8%
62 Syed
3%
No matching quizzes found
Score Distribution
Percent of People with Each Score
Percentile by Number Answered
Your Score History
You have not taken this quiz since the last reset